Übungsprogramm zur statistischen Methodenlehre

Salvato in:
Dettagli Bibliografici
Autore principale: Reichardt, Ágnes
Natura: Libro
Lingua:tedesco
Pubblicazione: Wiesbaden Gabler 1989
Edizione:2. durchges. Aufl.
Soggetti:
Tags: Aggiungi Tag
Nessun Tag, puoi essere il primo ad aggiungerne!!

MARC

LEADER 00000nam a2200000 4500
001 c000017
005 20221215125450.5
020 |a 3-409-63821-0 
041 0 |a ger 
044 |a DE 
245 1 0 |a Übungsprogramm zur statistischen Methodenlehre  |c Ágnes Reichardt 
250 |a 2. durchges. Aufl. 
264 1 |a Wiesbaden  |b Gabler  |c 1989 
300 |a 188 s. 
610 2 0 |a štatistika 
610 2 0 |a analýza radov časových 
610 2 0 |a analýza korelačná 
610 2 0 |a analýza regresná 
610 2 0 |a pravdepodobnosť 
100 1 |a Reichardt, Ágnes